00526nam a2200193 a 4500001001300000003000900013005001700022008004100039020001000080082001900090100002100109245006900130260004200199300000800241500003500249505001100284650001600295700002100311nice12345678IN_TiNIC20260116013239.0050524s1985 dela grp 000 0 eng  ac35000a704.94897bPAR aParihar, Subhash aMuslim Inscriptions in the Punjabi, Haryana and Himachal Pradesh aDelhibInter-India Publicationsc1985 a79p aincludes index and biblioraphy2 aPlates aArt-Islamic1 aParihar, Subhash